000 00350nam a2200133Ia 4500
005 20251222143256.0
008 251222s9999||||xx |||||||||||||| ||spa||
082 _a720/P29
100 _aPaula, Alberto S.J. de
245 0 _aLa Ciudad de la Plata
250 _a1ra.ed.
264 _bEdiciones del Banco de la Provincia de Buenos Aires
942 _cLIB
999 _c15152
_d15152